000
00323nam a2200133Ia 4500
008
150201s2009 xx 000 0 und d
082
_a
611
_b
A09S
100
_a
SINGH,VISHRAM
245
_a
ANATOMY OF HEAD,NECK & BRAIN
250
_a
1ST
260
_b
ELSEVIER
_a
DELHI
_c
2009
650
_a
HUMAN ANATOMY
942
_2
ddc
_c
BK
_0
28
999
_c
1126
_d
1126